| 000 | 00826 a2200181 4500 | ||
|---|---|---|---|
| 003 | Nust | ||
| 005 | 20170207153219.0 | ||
| 040 | _cNust | ||
| 082 | _a621.382 | ||
| 100 | _aRiaz, Kashif (MSEE-14) | ||
| 245 |
_aEfficient detection of space-time block codes over time-selective channels in multiple-antenna systems. _cKashif Riaz |
||
| 260 |
_aRawalpindi _bMCS, NUST _c2009 |
||
| 300 | _axi, 71, p. | ||
| 505 | _aIntroduction (page-1) Multipath fading channels, small scale fading and diversity (page-9) Space-time coding fundamentals (page-22) Efficient detection of STBC in time-selective channels via adaptive sphere decoder (page-33) An improved ZF-ML decoder for STBC over time-selective channels (page-43) Conclusion and future work (page-51) | ||
| 538 | _aAlmirah No 69 Shelf No 2 | ||
| 650 | _aMS Thesis | ||
| 651 | _aMSEE-14 | ||
| 942 | _cTHS | ||
| 999 |
_c181726 _d181726 |
||